Największe zestawy LEGO - Statystyki

Ogólne statystyki
  • Ten quiz został rozwiązany 36 razy
  • Średni wynik to 4 z 10
Statystyki odpowiedzi
l.p. Odpowiedź % Poprawnych
2. Wieża Eiffla
83%
3. Titanic
60%
1. Mapa Świata
50%
5. Sokół Millenium
43%
6. AT-AT
37%
4. Koloseum
37%
8. WŁADCA PIERŚCIENI: RIVENDELL
37%
10. Zamek Hogwart
30%
7. Brzeszczot
20%
9. Rynek Miejski NINJAGO
3%
Nie znaleziono quizów pasujących do podanych kryteriów
Rozkład punktacji
Procent ludzi z każdym wynikiem
Percentyl według liczby udzielonych odpowiedzi
Twoja historia wyników
Nie rozwiązałeś tego quizu